| 000 | 01312cam a2200325 i 4500 | ||
|---|---|---|---|
| 001 | 1886 | ||
| 003 | BD-RjUL | ||
| 005 | 20211208233432.0 | ||
| 008 | 131209r19791975dcu b 001 0 eng | ||
| 020 |
_a0844731633 (pbk) _a0844731641 |
||
| 035 | _a(BD-RjUL)1913 | ||
| 040 |
_aDLC _cDLC _dDLC _dBD-RjUL _beng |
||
| 041 | _aeng | ||
| 082 | 0 | 0 |
_a301.5920956 _bPOL 1979 |
| 245 | 0 | 0 |
_aPolitical elites in the Middle East / _cedited by George Lenczowski. |
| 260 |
_aWashington : _bAmerican Enterprise Institute for Public Policy Research, _cc1975 [Printing 1979]. |
||
| 300 |
_a227 p. : _bill ; _c26 cm. |
||
| 500 | _a"Presented by the American Enterprise Institute for Public Policy Research as the ninth study within the framework of its Middle East research project." | ||
| 504 | _aIncludes bibliographical references and index. | ||
| 650 | 0 |
_aElite (Social sciences) _zMiddle East. _96218 |
|
| 650 | 0 |
_aPolitical sociology. _95972 |
|
| 651 | 0 |
_aMiddle East _xPolitics and government _y1945-1979. _96219 |
|
| 700 | 1 |
_aLenczowski, George. _96220 |
|
| 710 | 2 |
_aAmerican Enterprise Institute for Public Policy Research. _96221 |
|
| 942 |
_2ddc _cBK |
||
| 999 |
_c1886 _d1886 |
||